Statistics for Orlando Magic: Top 10 All-Time Leaders

Click here to take the quiz!

General Stats

  • This quiz has been taken 436 times
    (10 since last reset)
  • The average score is 56 of 100

Answer Stats

Category#PlayerAmount% Correct
Points1Dwight Howard11,435
100%
Rebounds1Dwight Howard8,072
100%
Steals4Dwight Howard626
100%
Blocks1Dwight Howard1,344
100%
Games3Dwight Howard621
100%
Points Per Game6Dwight Howard18.4
100%
Field Goal Percent3Dwight Howard57.7%
100%
Blocks2Shaquille O'Neal824
100%
Field Goal Percent2Shaquille O'Neal58.1%
100%
Points Per Game2Shaquille O'Neal27.2
100%
Rebounds3Shaquille O'Neal3,691
100%
Points6Shaquille O'Neal8,019
100%
Assists9Tracy McGrady1,533
100%
Points Per Game1Tracy McGrady28.1
100%
Blocks8Tracy McGrady292
100%
Rebounds9Tracy McGrady2,067
100%
Points4Tracy McGrady8,298
100%
Steals7Tracy McGrady452
100%
Triple-DoublesT4Tracy McGrady2
100%
Points Per Game5Anfernee Hardaway19.0
90%
Points9Anfernee Hardaway7,018
90%
Assists4Anfernee Hardaway2,343
90%
Steals3Anfernee Hardaway718
90%
Points Per Game3Paolo Banchero21.3
90%
Triple-DoublesT4Paolo Banchero2
90%
Triple-DoublesT4Penny Hardaway2
90%
Rebounds5Horace Grant3,353
70%
Field Goal Percent6Horace Grant50.2%
70%
Blocks5Horace Grant415
70%
Steals9Horace Grant426
70%
Three Pointers Made4Jameer Nelson874
70%
Steals5Jameer Nelson619
70%
Games2Jameer Nelson651
70%
Points5Jameer Nelson8,184
70%
Assists1Jameer Nelson3,501
70%
Rebounds10Jameer Nelson2,038
70%
Field Goal Percent5Wendell Carter Jr.52.2%
70%
Triple-DoublesT2Hedo Türkoğlu3
60%
Games7Hedo Türkoğlu497
60%
Points2Nick Anderson10,650
60%
Rebounds4Nick Anderson3,667
60%
Blocks7Nick Anderson338
60%
Three Pointers Made2Nick Anderson900
60%
Games1Nick Anderson692
60%
Assists5Nick Anderson1,937
60%
Steals1Nick Anderson1,004
60%
Rebounds2Nikola Vučević6,381
60%
Assists8Nikola Vučević1,668
60%
Games4Nikola Vučević591
60%
Triple-DoublesT2Nikola Vučević3
60%
Field Goal Percent8Nikola Vučević49.9%
60%
Points Per Game8Nikola Vučević17.6
60%
Points3Nikola Vučević10,423
60%
Blocks3Nikola Vučević550
60%
Steals6Nikola Vucevic537
60%
Three Pointers Made7Rashard Lewis658
60%
Triple-DoublesT4Scott Skiles2
60%
Assists2Scott Skiles2,776
60%
Points7Hedo Turkoglu7,216
50%
Steals10Hedo Turkoglu425
50%
Rebounds7Hedo Turkoglu2,221
50%
Three Pointers Made5Hedo Turkoglu794
50%
Assists6Hedo Turkoglu1,927
50%
Field Goal Percent9Monty Williams49.3%
50%
Games10Aaron Gordon428
40%
Rebounds6Aaron Gordon2,753
40%
Triple-DoublesT4Aaron Gordon2
40%
Blocks10Aaron Gordon277
40%
Three Pointers Made1Dennis Scott981
40%
Games8Dennis Scott446
40%
Steals8Dennis Scott429
40%
Points10Dennis Scott6,603
40%
Points Per Game7Franz Wagner17.8
40%
Points Per Game9Grant Hill16.4
40%
Field Goal Percent7Grant Hill50.0%
40%
Field Goal Percent4Moritz Wagner53.2%
40%
Three Pointers Made10J.J. Redick549
30%
Steals2Darrell Armstrong830
20%
Assists3Darrell Armstrong2,555
20%
Three Pointers Made8Darrell Armstrong654
20%
Games6Darrell Armstrong502
20%
Points Per Game4Steve Francis19.4
20%
Triple-DoublesT4Victor Oladipo2
20%
Assists7Elfrid Payton1,805
10%
Triple-Doubles1Elfrid Payton8
10%
Assists10Evan Fournier1,299
10%
Points8Evan Fournier7,049
10%
Games9Evan Fournier435
10%
Three Pointers Made3Evan Fournier895
10%
Blocks9Jonathan Isaac280
10%
Blocks6Mo Bamba364
10%
Points Per Game10Rony Seikaly16.4
10%
Three Pointers Made6Terrence Ross697
10%
Rebounds8Bo Outlaw2,160
0%
Blocks4Bo Outlaw536
0%
Field Goal Percent1Bo Outlaw58.5%
0%
Triple-DoublesT4Bo Outlaw2
0%
Games5Pat Garrity513
0%
Three Pointers Made9Pat Garrity624
0%
Field Goal Percent10Tony Battie48.9%
0%

Score Distribution

Percentile by Number Answered

Percent of People with Each Score

Your Score History

You have not taken this quiz since the last reset